000 01819nam0a2200385 4500
001 RU\NLR\BIBL_A\011730500
005 20250626120229.0
010 _a978-5-299-00844-9
_91000
035 _a(NLR Aleph) 011730500
090 _a11524827
_c11524827
100 _a20180613d2017 |||y0rusy50 ca
101 0 _arus
102 _aRU
105 _ay j 000zy
106 _as
135 _acrmn mmmancda
200 1 _aЛечебная физическая культура при заболеваниях суставов
_bЭлектронный ресурс
_e[учебное пособие
_fМаргазин Владимир Алексеевич — д. м. н., профессор и др.]
_gпод редакцией В. А. Маргазина [и др.]
210 _aСанкт-Петербург
_cСпецЛит
_d2017
215 _a222, [1] c.
230 _aЭлектрон. дан.
300 _aЗагл. с титул. экрана
320 _aБиблиогр. в конце гл.
325 _aКопия доступна в Электрон. б-ке РНБ
606 1 _aСуставы
_jУчебные издания
_xБолезни
_xЛечебная физкультура
_92516812
_3RU\NLR\AUTH\661491648
686 1 _aР458.28я7
702 1 _aМаргазин
_bВ. А.
_gВладимир Алексеевич
_4220
_4340
852 0 0 _aNLR
942 _cBOOK
980 _aNB
981 1 3 _a(13) Документы, защищенные авторским правом
_b(13) Современная научная, научно-популярная и популярная л